| 000 | 01076nam a2200229 i 4500 | ||
|---|---|---|---|
| 001 | 154817 | ||
| 003 | ES-MaACL | ||
| 005 | 20250808063533.0 | ||
| 008 | 990514s1886 sp |||| | spa d | ||
| 040 |
_aCCPB | B _bspa _cCCPB | B |
||
| 100 | 1 |
_aNieto y Serrano, Matías, _d1813-1902 _9130482 |
|
| 245 | 1 | 0 |
_aConsideraciones sobre las diversas categorías de fuerzas / _cpor Matías Nieto Serrano. |
| 260 |
_aMadrid : _b[s.n.], _c1886 ( _fImprenta de Enrique Teodoro) |
||
| 300 |
_a46 p. ; _c17 cm. |
||
| 510 | 4 |
_aPalau, _ct. XI, 191334 |
|
| 650 | 0 | 7 |
_aFísica _2embne _912877 |
| 852 |
_aES-MaACL _jT-478-F-16 _qFalto de la cubierta original _9160501 _cDEPOF _xEncuadernación holandesa. _xEncuadernado con otras obras formando un volumen facticio |
||
| 852 |
_aES-MaACL _jFOLL-Laf-588 _9160500 _cDEPOF _hLegado: M. de la Fuente _fSello en tinta en portada: "Ateneo de Madrid. Legado M. de la Fuente" _fSello en tinta en portada: "Ateneo de Madrid. Biblioteca" |
||
| 903 |
_969535 _aLafuente, Modesto, _q1 _d1806-1866 _ednr |
||
| 942 | _2udc | ||
| 999 |
_c154817 _d154817 |
||